| 000 | 00686nam a2200205 i 4500 | ||
|---|---|---|---|
| 001 | 140237 | ||
| 003 | ES-MaACL | ||
| 005 | 20250830234019.0 | ||
| 007 | t| | ||
| 008 | 070214s1914 mx r ||||1| spa d | ||
| 100 | 1 |
_aSchulz, Enrique E. _9104791 |
|
| 245 | 1 | 3 |
_aEl porvenir de México y sus relaciones con Estados Unidos / _cEnrique E. Schulz. |
| 260 |
_aMéxico : _b[s.n.], _c1914 ( _fTip. Económica) |
||
| 300 |
_a59 p. ; _c23 cm. |
||
| 651 | 4 |
_aMéxico- _xSituación económica. _9150095 |
|
| 651 | 4 |
_aEstados Unidos- _xRelaciones- _zMéxico _98565 |
|
| 651 | 4 |
_aMéxico- _xRelaciones- _zEstados Unidos. _99074 |
|
| 852 |
_aES-MaACL _j1535-F-16 |
||
| 999 |
_c140237 _d140237 |
||